| 000 | 01534nam a2200289 i 4500 | ||
|---|---|---|---|
| 003 | DO-SdBNP | ||
| 005 | 20260514161528.0 | ||
| 007 | ta | ||
| 008 | 260514e20142025dr ac gr|||||||1 |bspa d | ||
| 020 | _a9789945224337 | ||
| 040 |
_aDO-SdBNP _bspa _cBNPHU _erda |
||
| 041 | _hspa | ||
| 082 |
_bI32p 2025 _222 |
||
| 100 | 1 |
_aImbert Brugal, Segundo, _d1943- _eautor _973366 |
|
| 245 | 1 | 0 |
_aPor órdenes superiores : _brelatos / _cSegundo Imbert Brugal. |
| 250 | _aSegunda edición revisada. | ||
| 264 |
_aSanto Domingo, República Dominicana : _bEditora Búho, _c2025. |
||
| 300 |
_a172 páginas : _bilustraciones, retratos. ; _c23 cm. |
||
| 336 |
_atexto _btxt _2rdacontent |
||
| 337 |
_asin mediación _bn _2rdamedia |
||
| 338 |
_avolumen _bnc _2rdacarrier |
||
| 500 | _aIncluye datos biográficos del autor en las solapas. | ||
| 505 | 0 |
_aCundo vino el yate -- _tDos esferas de cristal -- _tOdalís Picúa -- _tEl discurso de Jacinto -- _tEl cartón de Pura -- _tUn infarto en francés -- _tBienvenido y las metresas -- _tA seis horas de distancias -- _tLa fiestas de quince años -- _tDespués del bautizo -- _tEl muchachito -- _tJesús Walterio Rossi. |
|
| 520 | _aEnfrentados con traumas psicológicos y tragedias sociales, recurridos como defensa a la negación y al olvido. Reprimimos memorias para seguir adelante sin la perturbación de un dolor perenne. Pero quedan cargas y consecuencias del insulto, que matizarán siempre nuestro comportamiento individual y colectivo... | ||
| 590 | _aInventariado, 2026/WG. | ||
| 942 |
_2ddc _cLBS1 |
||
| 999 |
_c60738 _d60738 |
||